[Event "Bixby 36th"]
[Site "Bixby"]
[Date "2004.10.02"]
[Round "1"]
[White "Mitchell, Nathan"]
[Black "Crumbliss, Lon"]
[Result "0-1"]
[WhiteElo "1100"]
[BlackElo "1430"]
[PlyCount "69"]
[EventDate "2004.10.02"]
[EventType "swiss (rapid)"]
[EventRounds "5"]
[EventCountry "USA"]
[EventCategory "1"]
[SourceTitle "EXT 2006"]
[Source "ChessBase"]
[SourceDate "2005.11.24"]
[SourceVersion "1"]
[SourceVersionDate "2005.11.24"]
[SourceQuality "1"]

1. e4 e5 2. Nf3 d6 3. Bc4 Nc6 4. Nc3 h6 5. 0-0 Nf6 6. d3 Bg4 7. h3 Bh5 8. g4 Bg6 9. Be3 Be7 10. Qd2 Qd7 11. Nh2 Nh7 12. Nd5 Bg5 13. f4 exf4 14. Nxf4 Ne5 15. Bb3 Bh4 16. Nxg6 fxg6 17. d4 Nc6 18. Rf7 Ne7 19. Rxg7 0-0-0 20. Rf1 Ng5 21. Bxg5 Bxg5 22. Qa5 Be3+ 23. Kh1 Bxd4 24. Rgf7 Rde8 25. c3 Bb6 26. Qb4 Qc6 27. Ba4 Qc5 28. Qxc5 Bxc5 29. Bxe8 Rxe8 30. Nf3 g5 31. e5 Ng6 32. c4 Be3 33. Re1 Nxe5 34. Nxe5 Rxe5 35. Ref1 0-1